| Tag |
First Indicator |
Second Indicator |
Subfields |
| LEADER |
00000cam a2200000 i 4500 |
| 001 |
in00004728310 |
| 003 |
OCoLC |
| 008 |
230525m20239999nyua e 6 000 1 eng d |
| 005 |
20250816185317.9 |
| 020 |
|
|
|a 1419758012
|q book 1 ;
|q hardcover
|
| 020 |
|
|
|a 9781419758010
|q book 1 ;
|q hardcover
|
| 035 |
|
|
|a (OCoLC)1380359077
|
| 040 |
|
|
|a EYM
|e rda
|c EYM
|d COO
|d YDX
|
| 043 |
|
|
|a e-uk-en
|
| 050 |
|
4 |
|a PN6737.H534
|b G73 2023
|
| 082 |
0 |
4 |
|a 741.5/942
|2 23
|
| 100 |
1 |
|
|a Hicks, Olivia,
|e author,
|e illustrator.
|
| 245 |
1 |
0 |
|a Grand slam romance /
|c [text and illustrations] Ollie Hicks, Emma Oosterhous.
|
| 264 |
|
1 |
|a New York :
|b Abrams ComicArts Surely, an imprint of Abrams,
|c 2023-
|
| 264 |
|
4 |
|c ©2023-
|
| 300 |
|
|
|a volumes :
|b color illustrations ;
|c 23 cm.
|
| 336 |
|
|
|a still image
|b sti
|2 rdacontent
|
| 336 |
|
|
|a text
|b txt
|2 rdacontent
|
| 337 |
|
|
|a unmediated
|b n
|2 rdamedia
|
| 338 |
|
|
|a volume
|b nc
|2 rdacarrier
|
| 520 |
|
|
|a In this queer graphic novel that's equal parts romance, softball and magical girl drama, Mickey Monsoon is the hotshot pitcher for the Belle City Broads, and their team is poised to sweep the league this season. But Mickey is thrown off their game when Astra Maxima shows up to catch for the Gaiety Gals, the Broads' fiercest rival. Years ago Mickey and Astra were best friends and maybe more. That was, until Astra unceremoniously dumped Mickey to become a softball wunderkind at a private girl's school in Switzerland. Now, Astra is flirty, arrogant and reckless on the field, everything the rule-abiding Mickey hates. Mickey's rapidly getting in too deep, but are they just in trouble or are they actually in love?
|
| 650 |
|
0 |
|a Graphic novels
|z England.
|
| 650 |
|
0 |
|a Sports rivalries
|v Comic books, strips, etc.
|
| 650 |
|
0 |
|a Sports teams
|v Comic books, strips, etc.
|
| 650 |
|
0 |
|a Women softball players
|v Comic books, strips, etc.
|
| 650 |
|
7 |
|a COMICS & GRAPHIC NOVELS
|x LGBTQ+
|2 bisacsh
|
| 700 |
1 |
|
|a Oosterhous, Emma,
|e author,
|e illustrator.
|
| 945 |
|
|
|b 751366
|
| 947 |
|
|
|a A14852463588
|
| 948 |
|
|
|a dmitchel 8/2/23 9.44.28
|
| 993 |
|
|
|a bk. 1
|
| 999 |
f |
f |
|i 02c7a6d8-7e14-4887-a874-ea29b4b398c4
|s 990bfc52-53e6-479a-a635-8f07634d5341
|t 0
|
| 952 |
f |
f |
|p normal
|a Texas A&M University
|b College Station
|c Sterling C. Evans Library
|d Evans: Library Stacks
|t 0
|e PN6737.H534 G73 2023
|h Library of Congress classification
|i unmediated -- volume
|k bk.1
|m A14852463588
|
| 998 |
f |
f |
|a PN6737.H534 G73 2023
|t 0
|l Evans: Library Stacks
|